MARC

LEADER 00000nam0a2200000 4500
001 220728
005 20231101230346.0
020 |a RU  |b 89-68919 
035 |a (RuTPU)RU\TPU\book\240860 
090 |a 220728 
100 |a 20120830d1989 k a0rusy5003 ca 
101 0 |a rus 
102 |a RU 
105 |a a z 000zy 
200 1 |a Совершенствование методов маркшейдерского и гидрогеологического обеспечения горно-добывающих предприятий  |e сборник научных трудов  |f Всесоюзный научно-исследовательский институт горной геомеханики и маркшейдерского дела ; под ред. Н. А. Филатова 
210 |a Ленинград  |c Изд-во ВНИМИ  |d 1989 
215 |a 176 с.  |c ил.  |d 22 см 
320 |a Библиогр. в конце ст. 
606 1 |a Маркшейдерские данные  |2 stltpush  |3 (RuTPU)RU\TPU\subj\72459  |9 85970 
606 1 |a Гидрогеология горнопромышленная  |2 stltpush  |3 (RuTPU)RU\TPU\subj\6640  |9 34471 
610 1 |a маркшейдерские работы 
610 1 |a гидрогеологические исследования 
610 1 |a горно-добывающие предприятия 
610 1 |a метрологическое обеспечение 
610 1 |a нормирование 
610 1 |a исследования 
675 |a 622.1:528  |z rus 
675 |a 622.5  |z rus 
702 1 |a Филатов  |b Н. А.  |g Николай Антонович  |4 340 
712 0 2 |a Всесоюзный научно-исследовательский институт горной геомеханики и маркшейдерского дела  |2 stltpush  |3 (RuTPU)RU\TPU\col\12156 
801 0 |a RU  |b RuMRKP  |c 19960704  |g psbo 
801 1 |a RU  |b 63413507  |c 20120830 
801 2 |a RU  |b 63413507  |c 20130607  |g RCR 
942 |c BK